BIBLIOTHÈQUE DE LA MAISON DU MEXIQUE

Logo 1 Logo 2

Exequias de la lengua castellana (notice nᵒ 11760)

détails MARC
000 -Sello discográfico
campo de control de longitud fija 01114nam a2200361 4500
005 - Identificación de versión
campo de control 20251016082315.0
035 ## - Otros números de control del sistema
Número de control del sistema 3989
099 ## - fechas locales
Tipo de ítem Koha LIBRO
100 ## - Datos de procesamiento general
Datos de procesamiento general 20040924d1941 m y1spay5003 ba
105 ## - Campo de datos codificados: Material textual, monográfico
Datos codificados de monografía y 001zy
200 1# - Título y mención de responsabilidad
Título propio Exequias de la lengua castellana
Designación general del material texto impreso
Primer mención de responsabilidad Juan Pablo Forner
Declaración de responsabilidad subsiguiente edición y notas Pedro Sáinz y Rodríguez
210 ## - Publicación, distribución, etc.
Lugar de publicación, distribución, etc. Madrid
Nombre del editor, distribuidor, etc. Espasa - Calpe
Fecha de publicación, distribución, etc. 1941
215 ## - Descripción física
Designación de material específico y extensión del ítem XXXIX + 211 p
Dimensiones 19 cm
318 ## - Nota de acción
Acción No se presta a domicilio
345 ## - Nota de información de adquisición
Fuente de adquisición/dirección de la suscripción [OBSOLETO] Donación
410 #1 - Series
Título Clásicos Castellanos
Número de volumen 66
600 ## - Nombre personal usado como materia
Elemento de entrada Forner
Parte del nombre distinta del elemento de entrada Juan Pablo
Fechas 1756-1797
Subdivisión temática Crítica e interpretación
Número Koha 18422
606 ## - Término temático usado como materia
Elemento de entrada Literatura española
Subdivisión temática Historia y crítica
Número Koha 1685
676 ## - Clasificación Decimal Dewey
Número R860 C614 v.66
700 ## - Nombre personal - Responsabilidad primaria
Elemento de entrada Forner
Parte del nombre distinta del elemento de entrada Juan Pablo
Fechas 1756-1797
Número Koha 18423
702 ## - Nombre personal - Responsabilidad secundaria
Elemento de entrada Sáinz Rodríguez
Parte del nombre distinta del elemento de entrada Pedro
Fechas 1898-
Número Koha 18424
801 #0 - Fuente de origen
Agencia cm
900 ## -
-- 1/8088
900 ## -
-- 7100419854\240904
942 ## - ELEMENTOS DE ENTRADA SECUNDARIOS (KOHA)
Tipo de ítem Koha Livre

Pas d'exemplaire disponible.